| 000 | 01573cam a2200133 4500500 | ||
|---|---|---|---|
| 005 | 20260329023155.0 | ||
| 041 | _afre | ||
| 042 | _adc | ||
| 100 | 1 | 0 |
_aLe Roy, Éric _eauthor |
| 245 | 0 | 0 | _aCinémathèques et archives du film |
| 260 |
_bArmand Colin,
_c2013. |
||
| 520 | _aBilan historique, politique et théorique des cinémathèques et archives de films dans le monde, cet ouvrage s’appuie sur l’histoire de ces institutions. Imaginées à la fin du XIXe siècle, les cinémathèques se développent dans les années 1930 puis, après la guerre, connaissent une ampleur sans précédent et suscitent, aujourd’hui encore, de passionnés débats théoriques. L’auteur aborde de nombreuses questions : quelles sont les premières institutions dans le monde ? qui conserve quoi, comment, et pour qui ? quelles sont les théories et les méthodes de conservation, de restauration, et d’accès ? à qui appartiennent les films ? Il interroge l’enrichissement, la collecte et la gestion du matériau filmique des cinémathèques, mais également le « non film », soit toute la documentation papier, le matériel publicitaire, des archives de création qui font partie de l’activité des institutions. L’ouvrage pose des jalons, esquisse des directions, dégage des perspectives, montre la vitalité de la communauté des archives et présente les perspectives du métier et des institutions à l’ère du numérique. | ||
| 856 | 4 | 1 | _uhttps://shs.cairn.info/cinematheques-et-archives-du-film--9782200276737?lang=fr&redirect-ssocas=7080 |
| 999 |
_c1925253 _d1925253 |
||